000 00535nam a2200169 i 4500
001 149394
003 ES-MaACL
005 20230906203101.0
007 t|
008 071022s1947 sp ||||1| spa d
100 1 _aVarela, José Luis.
_9113137
245 1 0 _aCon la soledad y en las "Soledades" de Góngora /
_cJosé Luis Varela.
260 _aMadrid :
_b[s.n.],
_c1947.
300 _a13 p. ;
_c24 cm.
500 _aEs publicación aparte de: Cuadernos de Cultura. Fasc. I. Págs. 41-53.
852 _aES-MaACL
_j1863-F-28
_bR.23747
999 _c149394
_d149394